Vài trò của xã hội đối với hạnh phúc gia đình /

Đã lưu trong:
Sonraí Bibleagrafaíochta
Príomhúdar: Trần Thị Lan.
Formáid: Bài viết
Teanga:Vietnamese
Ábhair:
Clibeanna: Cuir Clib Leis
Gan Chlibeanna, Bí ar an gcéad duine leis an taifead seo a chlibeáil!
Thư viện lưu trữ: Thư viện Trường Đại học Đà Lạt
LEADER 00660nam a2200253 4500
001 DLU090075213
005 ##20090610
040 # # |a DLU  |b vie 
041 # # |a vie 
044 # # |a vn 
100 # # |a Trần Thị Lan.  
245 # # |a Vài trò của xã hội đối với hạnh phúc gia đình /  |c Trần Thị Lan.  
653 # # |a Gia đình 
653 # # |a Hạnh phúc  
653 # # |a Xã hội  
773 # # |t Tạp chí Khoa học Xã hội Việt Nam  |g Số 13, 1992, tr. 134-137 
994 # # |a DLU 
900 # # |a True 
911 # # |a Nguyễn Thị Linh Chi 
925 # # |a G 
926 # # |a A 
927 # # |a BB 
980 # # |a Thư viện Trường Đại học Đà Lạt